000 00596 a2200205 4500
999 _c9814
_d9814
022 _INo ISSN
050 _aKTL19.A35SOU1987
100 _aFisher, D. S.
_eeditor
245 _aSouth African law reports:
_b1987(1) -January /
_cDavid Fisher, et...al
264 _aCape Town:
_bJuta & Company,
_c1987
300 _a396p. :
500 _aIncludes index
650 _aLaw reports, . -- South Africa
651 _aSouth Africa
700 _aBarrow O
_eeditor
700 _aHanmer N
_eeditor
700 _aKrynauw B
_eeditor
700 _aPorter D
_eeditor
942 _2lcc
_cSERIALS
_h19.A35
_iSOU
_kKTL